000 00882nam a2200337 a 4500
003 AR-BaBNM
005 20251128210746.0
008 082120s2002 ||||||||||||||000 | spa||
040 _cAR-BaBNM
100 1 _aAmuchástegui Alvarez, Domingo
245 0 0 _aHistoria contemporánea de Asia y Africa
_n1
260 _aLa Habana
_bPueblo y Educación
_c1984
300 _a288 p.
_bmapas, tablas
500 _aContiene referencias bibliográficas
650 4 _aSIGLO VEINTE
650 4 _aECONOMIA
650 4 _aSOCIEDAD
650 4 _aCIENCIAS POLITICAS
650 4 _aCIENCIAS SOCIALES
650 4 _aPOLITICA ECONOMICA
650 4 _aECONOMIA MARXISTA
650 4 _aCAPITALISMO
650 4 _aIMPERIALISMO
650 4 _aSOCIALISMO
650 4 _aMARXISMO
650 4 _aHISTORIA ASIATICA
651 4 _aChina
651 4 _aAfrica
942 _cBK
998 _cMariana
999 _c16770
_d16770